00677nam a2200241 a 4500001001300000003000900013005001700022008004100039020001000080082001500090100001400105245004000119260004300159300000800202500003500210505001000245650002000255700001400275902000800289942000700297952011600304999001500420nice12345678IN_TiNIC20260116012625.0050524s1912 bona grp 000 0 ger  ac10000a297.2bHOR aHorton, M aDie Gottesbeweise Bei Schirazi 1640 aBonnbVerlag Von Friedrich Cohenc1912 a98p aincludes index and biblioraphy2 aIndex aIslam-Doctrines1 aHorton, M bSRS cBK 001040708StackRoom-aHMIbHMId2007-07-05g100.00l0o297.2 HORp012294r2007-07-05v100.00w2005-05-24yBK c7714d7714